01060nam a2200229 a 4500001001000000003000400010005001700014008004100031040002500072049000900097082001000106110006100116245011700177260005600294300002100350700004000371942001400411952013200425952013100557952012500688999001700813000028943OSt20240229073823.0110411s 2008 dr 000 0 spa d aDO-SdBNPbspacBNPHU aBNPD bR426r1 aRepública Dominicana.bSuprema Corte de Justicia9790610aResoluciones de interés general de la Suprema Corte de Justicia 2008 /cpresentación de Jorge A. Subero Isa. aSanto Domingo :bSuprema Corte de Justicia,c[2008] a105 p. ;c22 cm.1 aSubero Isa, Jorge A.,d1947-976863 2ddccLBS1 00102ddc708MOaBNPHUbGRcCTd2011-04-12eGraciela GeraldoiLF1l0oxxxx R426rp28943-30r2020-06-25te. 3w2020-06-25yLBS1 00102ddc728MOaBNPHUbPDcCTd2011-04-12eDeposito legal iLF1l0oxxxx R426rp28943-10r2020-06-25te. 2w2020-06-25yLBS1 00102ddc708MOaBNPHUbPDcCTd2011-04-12eDeposito legal iLF1l0oxxxx R426rp28943-20r2020-06-25w2020-06-25yLBS1 c28435d28435